01146 a2200181 45000010006000000050017000060080041000230030015000640400040000790800046001192450110001650200018002752640044002933000019003375050572003560410008009281000028009363343820260407155626.0260407a1997 arg spa dAR-UNSa-BCEJYS aAR-UNSa-BCEJYSbspacAR-UNSa-BCEJYS a658.51xOrganización de la producción10aManufactura de categoria mundialpaplicación de las últimas técnicas para optimizar la producción a958-04-3168-X 1aBogotá :bGrupo Editorial Normac1997 a292 p.c19 cm. a1. Más rápido, más alto, más fuerte - 2. Operadores de línea y datos de operación - 3. Los funcionarios como actores secundarios - 4. Sobreestimación del papel del capital(automatización en cámara lenta) - 5. La economía de múltiplos - 6. Centro de responsabilidad - 7. Enfoque sobre la calidad - 8. La influencia del diseño - 9. Socios en las ganancias: proveedores, transportadores, clientes - 10. Modelos sencillos, sistemas sencillos - 11. Como dirigir la transformación - 12. Capacitación: El catalizador - 13. La estratgia revelada  aspa1 aSchonberger, Richard J.